000 00800nam a2200205Ii 4500
003 JO-AjNU
008 230605s9999||||xx |||||||||||||| ||und||
040 _aJO-AjNU
_bara
_erda
_cJO-AjNU
041 _aara
050 1 4 _aLB1775.2.W6412 2005
100 3 _a/عبدالله،ميسون يونس مترجمة/جمل ،محمد جهاد مراجع/Wong,Harry K م.مشارك/Wong,Rosemary T مؤلف,
_eauthor
_922322
245 0 0 _aكيف تكون مدرسا فعالا الأيام الدراسية الأولى
250 _aط2
264 3 1 _aالعين:دار الكتاب الجامعي،2005
300 _a466ص
336 _atext
_btxt
_2rdacontent
337 _aunmediated
_bn
_2rdamedia
338 _avolume
_bnc
_2rdacarrier
650 4 _aالتدريس. المدرسون-تدريب
_922323
999 _aA7902
_c11470
_d11470